| 000 | 00841nam a22002057a 4500 | ||
|---|---|---|---|
| 999 |
_c17370 _d17370 |
||
| 003 | AR-CdUCM | ||
| 008 | 190508b ||||| |||| 00| 0 spa d | ||
| 040 |
_aMUNICIPALIDAD PROVINCIAL DEL CUSCO _cBIBLIOTECA MUNICIPAL DEL CUSCO |
||
| 082 |
_a379 / _bC22 |
||
| 100 |
_aCampillo Cuauhtli, Héctor _937347 |
||
| 245 | _aManual de historia de la educación / | ||
| 260 |
_aMéxico : _bLuis Fernández G., _c1956. |
||
| 300 |
_a311 páginas ; _c17 cm. |
||
| 505 | _aContenido: La educación primaria -- La transición de la educación natural a la educación organizada -- El momento tradicionalista -- Caracteres particulares de la educación tradicionalista en los distintos pueblos orientales ... | ||
| 650 |
_aEducación _9460 |
||
| 650 |
_aEnseñanza _91616 |
||
| 650 |
_aHistoria _9136 |
||
| 942 |
_2ddc _cLIBROS |
||
| 945 |
_aacv _d2019-05-08 |
||